000 00302nam a2200109Ia 4500
008 220204s9999 xx 000 0 und d
082 _a543.54
_bMIK
245 0 _aLaboratory handbook of chromatographic and allied methods
260 _aChichester
_bEllis Horwood
_c1979
700 _aMikes, O
942 _cBK
999 _c32052
_d32052